000 00294nam a22001337a 4500
008 180926b xxu||||| |||| 00| 0 eng d
020 _a9780130288066
041 _aeng
080 _a541
100 _a12
101 _aKim
245 _aPeer led general chemistry
_cD.Gosser
942 _2udc
_cBK
999 _c48522
_d48522